ბათუმის შოთა რუსთაველის სახელმწიფო უნივერსიტეტის ბიბლიოთეკა

Задачи по элементарной математике повышенной трудности (ბიბ.ჩანაწერი № 48208)

000 -LEADER
fixed length control field 00665nam a2200205Ia 4500
001 - CONTROL NUMBER
control field 15090
003 - CONTROL NUMBER IDENTIFIER
control field GE_BSU
008 - FIXED-LENGTH DATA ELEMENTS--GENERAL INFORMATION
fixed length control field 181216s||||||||xx |||||||||||||| ||und||
040 ## - CATALOGING SOURCE
Transcribing agency GE_BSU
080 ## - UNIVERSAL DECIMAL CLASSIFICATION NUMBER
Universal Decimal Classification number 510(075.3)
100 ## - MAIN ENTRY--PERSONAL NAME
Personal name Ваховский,Е.Б. Рывкин,А.А.
245 ## - TITLE STATEMENT
Title Задачи по элементарной математике повышенной трудности
245 ## - TITLE STATEMENT
Statement of responsibility, etc. Ред.А.Я.Цлаф
260 ## - PUBLICATION, DISTRIBUTION, ETC.
Place of publication, distribution, etc. Москва
260 ## - PUBLICATION, DISTRIBUTION, ETC.
Name of publisher, distributor, etc. Наука
260 ## - PUBLICATION, DISTRIBUTION, ETC.
Date of publication, distribution, etc. 1971
300 ## - PHYSICAL DESCRIPTION
Extent 360стр.22см.
653 ## - INDEX TERM--UNCONTROLLED
Uncontrolled term Задачи по элементарной математике повышенной трудности
942 ## - ADDED ENTRY ELEMENTS (KOHA)
Koha item type წიგნი
ეგზემპლარები
Withdrawn status Lost status Damaged status Not for loan Date acquired Barcode Date last seen Price effective from Koha item type
        2018-12-17 15887 2018-12-17 2018-12-17 წიგნი